Ekonomické aspekty kvality služieb v cestovnom ruchu
Kvalita služieb v cestovnom ruchu priamo súvisí s ekonomikou. Náklady na zabezpečenie kvality služieb. Ekonomický prínos kvality služieb cestovného ruchu.
Salvato in:
| Autore principale: | |
|---|---|
| Natura: | Capitolo di libro |
| Lingua: | slovacco |
| Soggetti: | |
| Tags: |
Nessun Tag, puoi essere il primo ad aggiungerne!!
|
MARC
| LEADER | 00000naa a2200000 4500 | ||
|---|---|---|---|
| 001 | r032195 | ||
| 005 | 20230724104458.2 | ||
| 041 | 0 | |a slo | |
| 044 | |a SK | ||
| 245 | 1 | 0 | |a Ekonomické aspekty kvality služieb v cestovnom ruchu |c Peter Patúš |
| 520 | |a Kvalita služieb v cestovnom ruchu priamo súvisí s ekonomikou. Náklady na zabezpečenie kvality služieb. Ekonomický prínos kvality služieb cestovného ruchu. | ||
| 610 | 2 | 0 | |a ruch cestovný |
| 610 | 2 | 0 | |a služby |
| 610 | 2 | 0 | |a kvalita |
| 610 | 2 | 0 | |a náklady |
| 100 | 1 | |a Patúš, Peter | |